000 01340cam a22003617a 4500
003 CHAP
005 20220329142841.0
008 040823d2004 mx r 00110 spa d
010 _a88700
011 _a89672
035 _a100223
040 _cCHAP
090 _aTesis
100 0 0 _aRosa Santamaría, Oscar de la.
_999857
245 1 0 _aManejo integrado de Fusarium oxysporum f.s.p. gladioli en gladiolo en Oacalco, Yautepec, Morelos
_c/por Oscar de la Rosa Santamaría
260 _aChapingo, Méx. :
_bEl autor,
_c2004.
300 _a44 h. ;
_bgráfs.
502 _aTesis (Ing. Agr. Esp. en Parasitología Agrícola) -- UACH. Departamento de Parasitología Agrícola
590 _aALEPH
_b10
_c20130110
_lUCH01
_h1500
590 _aBATCH-UPD
_b10
_c20130110
_lUCH01
_h1101
590 _aBATCH-UPD
_b10
_c20130410
_lUCH01
_h0654
590 _aBATCH-UPD
_b10
_c20130914
_lUCH01
_h1420
590 _aCONVERSION
_b10
_c20130109
_lUCH01
_h1349
650 1 4 _aFloricultura
_xMorelos.
_941844
650 1 4 _aFusarium oxysporum.
_944093
650 1 4 _aGladiolas
_xEnfermedades.
_948229
650 1 4 _aManejo integrado de enfermedades.
_970364
901 _aBK
905 _aAlejandra Carrasco M.
942 _cFOLL
949 _aTesis
_bBC
_cTES
_d1002231
_eTS1
_h42508
_i100223
_sb
949 _aTesis
_bBC
_cTES
_d33724000798047
_eTS2
_fc.2
_h42509
_i100223
_sb
999 _c88700
_d88700